000 00275nam a22001217a 4500
999 _c534300
_d534300
040 _cMSOHAIL
082 _a891.4393
100 _aSaadat Hasan Manto
_928192
245 _aSarkandon Ke Peeche
260 _aLahore
_bSang-e-Meel
_cc2008
300 _a150;p
942 _2ddc
_cBK